| 000 | 01958cam a22005054a 4500 | ||
|---|---|---|---|
| 001 | 14530645 | ||
| 003 | OSt | ||
| 005 | 20210419053557.0 | ||
| 008 | 060829s2007 maua b 001 0 eng | ||
| 010 | _a 2006028835 | ||
| 016 | 7 |
_a101286209 _2DNLM |
|
| 020 | _a0763739839 | ||
| 020 | _a9780763739836 | ||
| 035 | _a(OCoLC)ocm71243955 | ||
| 035 | _a(OCoLC)71243955 | ||
| 040 |
_aDNLM/DLC _cDLC _dNLM _dBAKER _dC#P _dYDXCP _dBTCTA _dNLGGC _dDLC |
||
| 041 | _aeng | ||
| 042 | _apcc | ||
| 050 | 0 | 0 |
_aRA413 _b.E87 2007 |
| 060 | 0 | 0 | _a2007 F-355 |
| 060 | 1 | 0 |
_aW 130 AA1 _bE7 2007 |
| 080 |
_a614 _bK-72 |
||
| 082 | 0 | 0 |
_a362.1/04258 _222 |
| 084 |
_a44.05 _2bcl |
||
| 084 |
_a44.14 _2bcl |
||
| 245 | 0 | 0 |
_aEssentials of managed health care / _c[edited by] Peter R. Kongstvedt. |
| 250 | _a5th ed. | ||
| 260 |
_aSudbury, Mass. : _bJones and Bartlett Publishers, _cc2007. |
||
| 300 |
_axxi, 841 p. : _bill. ; _c26 cm. |
||
| 365 | _b16.99 usd | ||
| 500 | _aRev. ed. of: The managed health care handbook. 4th ed. 2001. Also rev. ed. of: Essentials of managed health care. 4th ed. 2001. | ||
| 504 | _aIncludes bibliographical references and index. | ||
| 650 | 0 |
_aManaged care plans (Medical care) _xManagement. |
|
| 650 | 1 | 2 |
_aManaged Care Programs _xorganization & administration _zUnited States. |
| 650 | 2 | 2 |
_aDelivery of Health Care _xeconomics _zUnited States. |
| 653 | _aჯანდაცვა | ||
| 653 | _aჯანმრთელობაზე ზრუნვა | ||
| 653 | _aდაგეგმილი სამედიცინო მოვლა | ||
| 700 | 1 |
_aKongstvedt, Peter R. _q(Peter Reid) |
|
| 730 | 0 | _aManaged health care handbook. | |
| 856 | 4 | 1 |
_3Table of contents only _uhttp://www.loc.gov/catdir/toc/ecip0620/2006028835.html |
| 906 |
_a7 _bcbc _corignew _d1 _eecip _f20 _gy-gencatlg |
||
| 942 |
_2udc _cBK _e5 |
||
| 999 |
_c233 _d233 |
||